Normal view
MARC view
Entry Uniform Title
001 - CONTROL NUMBER
- control field: 25627
003 - CONTROL NUMBER IDENTIFIER
- control field: dpl
005 - DATE AND TIME OF LATEST TRANSACTION
- control field: 20110127105218.0
008 - FIXED-LENGTH DATA ELEMENTS
- fixed length control field: 110127|||a|||||| | ||| d
040 ## - CATALOGING SOURCE
- Original cataloging agency: dpl
- Transcribing agency: dpl
130 ## - HEADING--UNIFORM TITLE
- Uniform title: राष्ट्रभारती/लोकोदय ग्रन्थमाला : ग्रन्थांक 891/ रवीन्द्र कालिया द्वारा सम्पादित
670 ## - SOURCE DATA FOUND
- Source citation: Work cat.: (dpl)48900: गोस्वामी, इन्दिरा 25626, अहिरन /, 2010
670 ## - SOURCE DATA FOUND
- Source citation: Work cat.: (dpl)48900: गोस्वामी, इन्दिरा 25626, अहिरन /, 2010
